Normal view
MARC view
Entry Personal Name
001 - CONTROL NUMBER
- control field: 48235
003 - CONTROL NUMBER IDENTIFIER
- control field: dpl
005 - DATE AND TIME OF LATEST TRANSACTION
- control field: 20120530180519.0
008 - FIXED-LENGTH DATA ELEMENTS
- fixed length control field: 120530|||a|||||| | ||| d
040 ## - CATALOGING SOURCE
- Original cataloging agency: dpl
- Transcribing agency: dpl
100 ## - HEADING--PERSONAL NAME
- Personal name: शर्मा, चन्द्रकान्ता
670 ## - SOURCE DATA FOUND
- Source citation: Work cat.: (dpl): शर्मा, चन्द्रकान्ता, वन सम्पदा एवं वन्य जीवन /, 2001
670 ## - SOURCE DATA FOUND
- Source citation: Work cat.: (dpl): शर्मा, चन्द्रकान्ता, वन सम्पदा एवं वन्य जीवन /, 2001
